000 00929nam a2200289 4500
003 CO-ViMGA
005 20240423214633.0
007 ta
008 240423b |||||||| |||| 00| 0 eng d
020 _a9789588787794
040 _aCO-ViMGA
_bspa
_cCO-ViMGA
084 _axxx
100 1 _aChilds, Sam
_941478
245 1 0 _aWoolly /
_cSam Childs ; traducción Merme L´Hada
250 _a1a. edición
300 _a32 p. :
_bil. color
336 _2rdacontent
_atexto
_btxt
337 _2rdamedia
_asin mediación
_bn
338 _2rdacarrier
_avolumen
_bnc
490 _aPlan Nacional de Lectura y Escritura Leer es mi Cuento, 2016
500 _aEn la cubierta: ¡La pequeña mamut tiene frío!
650 1 4 _aAnimales
_vCuento
_2LEMB
_92594
650 1 4 _aCuentos infantiles estadounidenses
_2LEMB
_9823
650 1 4 _aPadres e hijos
_vCuento
_2LEMB
_941479
700 1 _aL´Hada, Merme
_941480
942 _2ddc
_cBK
_hC CHI2
999 _c38151
_d38151